Smith and Hogan on Criminal Law (Record no. 3487)
[ view plain ]
| 000 -LEADER | |
|---|---|
| fixed length control field | 00297nam a22001217a 4500 |
| 008 - FIXED-LENGTH DATA ELEMENTS--GENERAL INFORMATION | |
| fixed length control field | 230703b xxu||||| |||| 00| 0 eng d |
| 082 ## - DEWEY DECIMAL CLASSIFICATION NUMBER | |
| Classification number | 345.41 |
| Item number | SMI |
| 100 ## - MAIN ENTRY--PERSONAL NAME | |
| Titles and words associated with a name | J.C Smith |
| 245 ## - TITLE STATEMENT | |
| Title | Smith and Hogan on Criminal Law |
| 260 ## - PUBLICATION, DISTRIBUTION, ETC. (IMPRINT) | |
| Place of publication, distribution, etc. | Britain |
| Name of publisher, distributor, etc. | Butterworth |
| Date of publication, distribution, etc. | 1965 |
| 300 ## - PHYSICAL DESCRIPTION | |
| Extent | 835p |
| 942 ## - ADDED ENTRY ELEMENTS (KOHA) | |
| Source of classification or shelving scheme | Dewey Decimal Classification |
| Koha item type | Books |
| Withdrawn status | Lost status | Source of classification or shelving scheme | Damaged status | Not for loan | Home library | Current library | Date acquired | Total Checkouts | Full call number | Barcode | Checked out | Date last seen | Price effective from | Koha item type |
|---|---|---|---|---|---|---|---|---|---|---|---|---|---|---|
| Dewey Decimal Classification | County Hall Archives | County Hall Archives | 07/03/2023 | 345.41 SMI | 10001055 | 01/29/2020 | 07/03/2023 | 07/03/2023 | Books |
